South Eastern Kenya University

Library Online Public Access Catalogue


Mathematics essential for the electrical trades / (Record no. 8642)

MARC details
000 -LEADER
fixed length control field 00757cam a22002294a 4500
001 - CONTROL NUMBER
control field 13728976
003 - CONTROL NUMBER IDENTIFIER
control field OSt
005 - DATE AND TIME OF LATEST TRANSACTION
control field 20150909150330.0
008 - FIXED-LENGTH DATA ELEMENTS--GENERAL INFORMATION
fixed length control field 040923s2000 xxua 000 0 eng
010 ## - LIBRARY OF CONGRESS CONTROL NUMBER
LC control number 2004556576
040 ## - CATALOGING SOURCE
Original cataloging agency SEKU
050 00 - LIBRARY OF CONGRESS CALL NUMBER
Classification number TK 168
Item number .A5 2000
110 2# - MAIN ENTRY--CORPORATE NAME
Corporate name or jurisdiction name as entry element National Joint Apprenticeship and Training Committee for the Electrical Industry.
245 10 - TITLE STATEMENT
Title Mathematics essential for the electrical trades /
Statement of responsibility, etc. NJATC.
250 ## - EDITION STATEMENT
Edition statement 2nd ed.
260 ## - PUBLICATION, DISTRIBUTION, ETC. (IMPRINT)
Place of publication, distribution, etc. [United States?] :
Name of publisher, distributor, etc. National Joint Apprenticeship and Training Committee,
Date of publication, distribution, etc. c2000.
300 ## - PHYSICAL DESCRIPTION
Extent various pagings :
Other physical details col. ill. ;
650 #0 - SUBJECT ADDED ENTRY--TOPICAL TERM
Topical term or geographic name as entry element Electrical engineering
General subdivision Mathematics
Form subdivision Textbooks.
650 #0 - SUBJECT ADDED ENTRY--TOPICAL TERM
Topical term or geographic name as entry element Mathematics
Form subdivision Textbooks.
700 ## - ADDED ENTRY--PERSONAL NAME
Personal name Anderson, Steve
942 ## - ADDED ENTRY ELEMENTS (KOHA)
Source of classification or shelving scheme Library of Congress Classification
Koha item type General circulation
Holdings
Withdrawn status Lost status Source of classification or shelving scheme Damaged status Not for loan Home library Current library Shelving location Date acquired Source of acquisition Total Checkouts Full call number Barcode Date last seen Price effective from Koha item type Public note
    Library of Congress Classification     Main Campus Library Main Campus Library General Stacks 09/09/2015 Donation-Books for Africa   TK 168 .A5 2000 2015/003186 09/09/2015 09/09/2015 General circulation JCL
Kitui, Kenya.
+254736116989
library@seku.ac.ke